| 000 | 00458nam a22001817a 4500 | ||
|---|---|---|---|
| 003 | OSt | ||
| 005 | 20140310182013.0 | ||
| 008 | 130730t xxu||||| |||| 00| 0 eng d | ||
| 050 |
_aPZ 7 _b.B661 1980 |
||
| 082 |
_aKF _bB62s 1980 |
||
| 100 |
_aBlyton, Enid _94844 |
||
| 245 |
_aThe Secret island. _cEnid Blyton |
||
| 260 |
_aUnited Kingdom : _bArmada. _cc1980. |
||
| 300 |
_a157 p. _c18 cm. |
||
| 541 | _j1 | ||
| 562 | _e1 | ||
| 942 |
_2lcc _cBK-KF _kKF |
||
| 999 |
_c8172 _d8172 |
||